Statistics for Countries with the highest HIV prevalence outside of Africa

Click here to take the quiz!

General Stats

  • This quiz has been taken 22 times
  • The average score is 15 of 20

Answer Stats

PrevalenceTotalCountry% Correct
0.60%920,000Brazil
100%
1.90%160,000Haiti
94%
1.00%67,000Dominican Republic
88%
1.40%30,000Jamaica
88%
0.80%21,000Panama
88%
1.20%1,000,000Russia
88%
0.60%120,000Venezuela
88%
0.50%61,000Chile
81%
0.60%24,000El Salvador
81%
0.50%46,000Guatemala
81%
1.10%450,000Thailand
81%
1.20%11,000Trinidad and Tobago
81%
0.60%71,000Cambodia
75%
0.90%240,000Ukraine
75%
0.60%12,000Uruguay
69%
0.90%46,000Papua New Guinea
63%
0.50%12,000Georgia
56%
0.70%6,600Latvia
56%
0.80%230,000Myanmar
56%
0.60%15,000Moldova
50%

Score Distribution

Percentile by Number Answered

Percent of People with Each Score

Your Score History

You have not taken this quiz